Text variables influencing text complexity
Syntakticky, sémanticky a pragmaticky orientované definície textu. Rozmanitosť textov, komunikatívna úloha textov na rozvoj čítania. Tradičné a lingvistické faktory ovplyvňujúce obtiažnosť textu.
Salvato in:
| Autore principale: | |
|---|---|
| Natura: | Capitolo di libro |
| Lingua: | inglese |
| Soggetti: | |
| Tags: |
Nessun Tag, puoi essere il primo ad aggiungerne!!
|
MARC
| LEADER | 00000nla a2200000 4500 | ||
|---|---|---|---|
| 001 | 0208598 | ||
| 005 | 20240502073451.4 | ||
| 041 | 0 | |a eng | |
| 044 | |a SK | ||
| 245 | 1 | 0 | |a Text variables influencing text complexity |c Zuzana Hrdličková |
| 520 | |a Syntakticky, sémanticky a pragmaticky orientované definície textu. Rozmanitosť textov, komunikatívna úloha textov na rozvoj čítania. Tradičné a lingvistické faktory ovplyvňujúce obtiažnosť textu. | ||
| 610 | 2 | 0 | |a jazykoveda |
| 610 | 2 | 0 | |a jazyky cudzie |
| 610 | 2 | 0 | |a angličtina |
| 610 | 2 | 0 | |a komunikácia |
| 100 | 1 | |a Hrdličková, Zuzana | |